000 00912nam a22002777a 4500
003 DO-SdBNP
005 20220712094536.0
008 160328b 2004 sp || 00| 0 spa d
020 _a9788431676377
040 _aBPMSU
_bspa
_cBPMSU
082 _a863.3
_bS194d 2004
_222
100 1 _aSánchez, Agustín
245 1 0 _aDon Quijote /
_cMiguel de Cervantes, adaptación de Agustín Sánchez : ilustraciones de Svetlin
260 _aBarcelona :
_bVicens Vives,
_c2004
300 _a159 p. :
_bil. ;
_c23 cm
490 0 _3Vicens vives
590 _6Inventariado, 2022/VM
600 1 4 _a Cervantes Saavedra, Miguel de
_d1547-1616
_tDon Quijote de la Mancha
650 4 _aNovela española
650 4 _aNovela de aventuras
650 4 _aLiteratura española
700 1 _a Cervantes, Miguel de
_d1547-1616
_tDon Quijote
_e
700 1 _aSvetlin
_eilustraciones
910 _aDGarcía/VMateo V.
942 _2ddc
_cBK
999 _c9393
_d9393